[Event "Online Olym Div2 B 2020"]
[Site "chess.com INT"]
[Date "2020.08.16"]
[Round "8.5"]
[Board "1"]
[White "Kulpruethanon, Thanadon"]
[Black "Handler, Lukas"]
[Result "1/2-1/2"]
[WhiteTitle "FM"]
[BlackTitle "IM"]
[WhiteElo "2282"]
[BlackElo "2422"]
[WhiteTeam "Thailand"]
[BlackTeam "Austria"]
[WhiteFideId "6201610"]
[BlackFideId "1609580"]
[EventDate "2020.08.14"]
[EventType "team"]

1. Nf3 Nf6 2. g3 d5 3. Bg2 e6 4. O-O Be7 5. c4 O-O 6. d4 dxc4 7. Qc2 b6 8. Bg5
Nd5 9. Bxe7 Qxe7 10. Nbd2 b5 11. b3 cxb3 12. Nxb3 c6 13. Rfc1 a5 14. a4 Bb7 15.
Ne5 b4 16. Qc5 Qd8 17. Nc4 Ba6 18. Nbxa5 Bxc4 19. Nxc4 Nc3 20. Rc2 Na6 21. Qb6
Nd5 22. Qxd8 Rfxd8 23. Ne5 Rac8 24. Rxc6 Nb8 25. Rxc8 Rxc8 26. Bxd5 exd5 27. Rb1
Na6 28. Nd3 Rc4 29. e3 Kf8 30. Nf4 Nc7 31. Nd3 Na6 32. Nf4 Nc7 33. a5 g5 34. Nd3
Na6 35. Ne5 Rc3 36. Nd7+ Ke7 37. Nc5 Nxc5 38. dxc5 Rxc5 39. Rxb4 Rxa5 40. h4 h6
41. hxg5 hxg5 42. Kg2 Ke6 43. Rb6+ Ke5 44. Rb8 g4 45. Re8+ Kf5 46. Rf8 f6 47.
Rd8 Ke6 48. Rg8 f5 49. Re8+ Kf6 50. Rf8+ Ke6 51. Re8+ Kf7 52. Rd8 Ke7 53. Rh8
Ra2 54. Rb8 Rd2 55. Rb7+ Ke6 56. Rb8 d4 57. exd4 Rxd4 58. Rb6+ Ke5 59. Rb5+ Ke4
60. Rb8 Rd2 61. Re8+ Kd4 62. Rd8+ Kc3 63. Rc8+ Kd3 64. Rf8 Ke4 65. Re8+ Kd4 66.
Rd8+ Kc3 67. Rc8+ Kd3 68. Rd8+ Kc3 1/2-1/2

[Event "Online Olym Div2 B 2020"]
[Site "chess.com INT"]
[Date "2020.08.16"]
[Round "8.5"]
[Board "2"]
[White "Kilgus, Georg"]
[Black "Khumnorkaew, Tupfah"]
[Result "0-1"]
[WhiteTitle "IM"]
[WhiteElo "2461"]
[BlackElo "2099"]
[WhiteTeam "Austria"]
[BlackTeam "Thailand"]
[WhiteFideId "1606212"]
[BlackFideId "6202071"]
[EventDate "2020.08.14"]
[EventType "team"]

1. e4 c5 2. Nf3 d6 3. Bb5+ Bd7 4. Bxd7+ Qxd7 5. O-O Nc6 6. c3 e6 7. d4 cxd4 8.
cxd4 Nf6 9. Nc3 d5 10. e5 Ne4 11. Ne2 Be7 12. Ne1 f6 13. f3 Ng5 14. Nd3 O-O 15.
Be3 Rac8 16. Qd2 Nf7 17. f4 Nh6 18. h3 Nf5 19. Bf2 fxe5 20. dxe5 Kh8 21. Rac1 b6
22. Rc2 Na5 23. Rxc8 Rxc8 24. b3 Nb7 25. Rc1 Rxc1+ 26. Qxc1 Na5 27. g4 Nh6 28.
Nd4 Nf7 29. f5 Nd8 30. Qf4 Nac6 31. f6 Bf8 32. g5 Nxd4 33. Bxd4 Nc6 34. Kg2 Qf7
35. fxg7+ Qxg7 36. h4 Kg8 37. h5 Nxd4 38. Qxd4 Qxg5+ 39. Kf1 Qxh5 40. Nf4 Qf3+
41. Ke1 Bc5 42. Qa4 Bf2+ 43. Kd2 Be3+ 44. Kc2 Bxf4 45. Qe8+ Kg7 46. Qe7+ Kg6 47.
Qxe6+ Kg5 48. Qg8+ Kf5 49. e6 Qe4+ 50. Kd1 Qd3+ 51. Ke1 Bg3+ 0-1

[Event "Online Olym Div2 B 2020"]
[Site "chess.com INT"]
[Date "2020.08.16"]
[Round "8.5"]
[Board "3"]
[White "Atikankhotchasee, Manunthon"]
[Black "Novkovic, Julia"]
[Result "0-1"]
[WhiteTitle "WFM"]
[BlackTitle "WFM"]
[WhiteElo "1622"]
[BlackElo "2170"]
[WhiteTeam "Thailand"]
[BlackTeam "Austria"]
[WhiteFideId "6203191"]
[BlackFideId "12000086"]
[EventDate "2020.08.14"]
[EventType "team"]

1. e4 e5 2. Nf3 Nc6 3. Bc4 Nf6 4. O-O Be7 5. d3 d6 6. Nc3 O-O 7. h3 Na5 8. Bb3
a6 9. Be3 Nxb3 10. axb3 c5 11. Nd2 d5 12. exd5 Nxd5 13. Nxd5 Qxd5 14. Qh5 Be6
15. Qf3 Qxf3 16. Nxf3 f6 17. Nd2 Rac8 18. Ra5 Rc6 19. Ne4 Rfc8 20. Rfa1 h6 21.
f3 Kf7 22. h4 f5 23. Nd2 Bxh4 24. Bf2 Bf6 25. g3 e4 26. fxe4 Bxb2 27. exf5 Bxf5
28. Rd1 Bc3 29. Ra4 b5 30. Rf4 Kg6 31. g4 Bd7 32. Nf3 Bf6 33. d4 cxd4 34. Bxd4
Rd6 35. Rd2 Rcc6 36. c3 Be8 37. b4 Bf7 38. Bxf6 Rxf6 39. Rxf6+ Rxf6 40. Ne5+ Kg5
41. Nxf7+ Rxf7 42. Rd4 Rf6 43. Kg2 h5 44. gxh5 Kxh5 45. Kg3 g5 46. Rd5 Rc6 47.
Rd3 Rc4 48. Re3 Kg6 49. Re6+ Kf5 50. Rxa6 Rxc3+ 51. Kg2 Rb3 52. Rb6 Rxb4 53. Rb8
Kf4 54. Rf8+ Kg4 55. Rb8 Rb2+ 56. Kg1 Kf3 57. Rd8 g4 58. Rd3+ Ke4 59. Rg3 Kf4
60. Rd3 b4 61. Kf1 g3 62. Kg1 Kg4 63. Re3 Kh3 64. Rd3 Rb1+ 65. Rd1 Rxd1# 0-1

[Event "Online Olym Div2 B 2020"]
[Site "chess.com INT"]
[Date "2020.08.16"]
[Round "8.5"]
[Board "4"]
[White "Exler, Veronika"]
[Black "Taweesupmun, Chanida"]
[Result "1-0"]
[WhiteTitle "WIM"]
[BlackTitle "WCM"]
[WhiteElo "2155"]
[BlackElo "1604"]
[WhiteTeam "Austria"]
[BlackTeam "Thailand"]
[WhiteFideId "1620550"]
[BlackFideId "6200117"]
[EventDate "2020.08.14"]
[EventType "team"]

1. e4 e5 2. Nf3 Nc6 3. d4 exd4 4. Bc4 Be7 5. O-O Nf6 6. e5 Ng4 7. Bf4 d6 8. exd6
cxd6 9. Nxd4 O-O 10. Nc3 Nge5 11. Bd5 Bf6 12. Be3 Bg4 13. Qd2 Rc8 14. h3 Bh5 15.
Ne4 Bg6 16. Nxf6+ Qxf6 17. Bg5 Nxd4 18. Bxf6 1-0

[Event "Online Olym Div2 B 2020"]
[Site "chess.com INT"]
[Date "2020.08.16"]
[Round "8.5"]
[Board "5"]
[White "Laohawirapap, Prin"]
[Black "Blohberger, Felix"]
[Result "0-1"]
[BlackTitle "IM"]
[WhiteElo "1913"]
[BlackElo "2467"]
[WhiteTeam "Thailand"]
[BlackTeam "Austria"]
[WhiteFideId "6205003"]
[BlackFideId "1632051"]
[EventDate "2020.08.14"]
[EventType "team"]

1. e4 c5 2. Nc3 Nc6 3. Bb5 Nd4 4. Nf3 Nxb5 5. Nxb5 e6 6. d4 a6 7. Nc3 cxd4 8.
Qxd4 d6 9. Bg5 Nf6 10. O-O-O Be7 11. e5 dxe5 12. Qxe5 Bd7 13. h4 Qb8 14. Qd4 Bc6
15. Ne5 Qc7 16. h5 Rd8 17. Qe3 Rxd1+ 18. Rxd1 Nxh5 19. Bxe7 Qxe7 20. Nxc6 bxc6
21. Qf3 Qg5+ 22. Kb1 O-O 23. Qxc6 a5 24. g3 Nf6 25. Qc7 h5 26. a3 g6 27. b4 axb4
28. axb4 Qg4 29. Qc5 Ne4 30. Nxe4 Qxd1+ 31. Kb2 Ra8 32. Kb3 Qb1+ 33. Kc3 Qe1+ 0-1

[Event "Online Olym Div2 B 2020"]
[Site "chess.com INT"]
[Date "2020.08.16"]
[Round "8.5"]
[Board "6"]
[White "Polterauer, Chiara"]
[Black "Chuemsakul, Sarocha"]
[Result "1-0"]
[WhiteTitle "WFM"]
[BlackTitle "WFM"]
[WhiteElo "2178"]
[BlackElo "1668"]
[WhiteTeam "Austria"]
[BlackTeam "Thailand"]
[WhiteFideId "1638165"]
[BlackFideId "6203710"]
[EventDate "2020.08.14"]
[EventType "team"]

1. e4 c5 2. Nf3 d6 3. d4 cxd4 4. Nxd4 Nf6 5. Nc3 a6 6. Be3 e6 7. f3 Be7 8. Qd2
Qc7 9. O-O-O Nbd7 10. g4 O-O 11. g5 Ne8 12. h4 b5 13. h5 Nb6 14. g6 b4 15. Nb1
e5 16. Nf5 Bxf5 17. exf5 Rc8 18. h6 Bf6 19. hxg7 Bxg7 20. Bxa6 Ra8 21. Bxb6 Qxb6
22. Bc4 Nf6 23. Bxf7+ Kh8 24. Qxd6 Qe3+ 25. Nd2 Rxa2 26. Bxa2 Ra8 27. Qxf6 h6
28. Qe6 Qa7 29. Kb1 e4 30. f6 e3 31. fxg7+ Kxg7 32. Ne4 e2 33. Qf6# 1-0

[Event "Online Olym Div2 B 2020"]
[Site "chess.com INT"]
[Date "2020.08.16"]
[Round "9.1"]
[Board "1"]
[White "Handler, Lukas"]
[Black "Mastrovasilis, Dimitrios"]
[Result "1/2-1/2"]
[WhiteTitle "IM"]
[BlackTitle "GM"]
[WhiteElo "2422"]
[BlackElo "2604"]
[WhiteTeam "Austria"]
[BlackTeam "Greece"]
[WhiteFideId "1609580"]
[BlackFideId "4202694"]
[EventDate "2020.08.14"]
[EventType "team"]

1. d4 d5 2. c4 c6 3. Nf3 Nf6 4. e3 Bg4 5. h3 Bxf3 6. Qxf3 e6 7. Qd1 Bb4+ 8. Bd2
Qe7 9. Qb3 a5 10. a3 Bxd2+ 11. Nxd2 O-O 12. Be2 a4 13. Qc2 Nbd7 14. O-O Rfc8 15.
Rac1 g6 16. Bf3 Nb6 17. Qb1 Ra5 18. Rfd1 Rca8 19. Qd3 Qd8 20. g3 Kg7 21. Kg2 Nc8
22. h4 h5 23. e4 dxe4 24. Nxe4 Nxe4 25. Qxe4 Nd6 26. Qe3 Qf6 27. Qc3 Rf5 28. Rd3
Rd8 29. Rcd1 b5 30. c5 Nc4 31. Rf1 e5 32. dxe5 Rxe5 33. Rxd8 Qxd8 34. Bxc6 Qc7
35. Bxb5 Qb7+ 36. Kh2 Qxb5 37. f4 Ne3 38. Qxe5+ Kh7 39. Qxe3 Qxf1 40. Qd2 Qc4
41. Kg2 Qxc5 42. Qc3 Qd5+ 43. Kh2 Qe4 44. Qd2 Qf3 45. Qc2 Qf1 46. Qg2 Qc1 47.
Qe2 Qc6 48. Kg1 Qc1+ 49. Kf2 Qc5+ 50. Kg2 Qc1 51. Kh2 Qb1 52. Qd2 Qf1 53. Qc2
Kg8 54. Qg2 Qd1 55. Qf2 Kh7 56. Kg2 Qd5+ 57. Kh2 Qd1 58. f5 Qd5 59. fxg6+ fxg6
60. Qa7+ Kh6 61. Qxa4 Qd2+ 62. Kh3 Qxb2 63. Qf4+ Kg7 64. Qe3 Qa1 65. Kg2 Kh7 66.
Qd3 Qa2+ 67. Kf3 Qf7+ 68. Ke2 Qa2+ 69. Ke3 Qe6+ 70. Kf2 Qa2+ 71. Kf3 Qf7+ 72.
Kg2 Qa2+ 73. Kh3 Qe6+ 74. Kh2 Qa2+ 75. Kg1 Qa1+ 76. Kf2 Qa2+ 77. Ke1 Qa1+ 78.
Kd2 Qb2+ 79. Kd1 Qa1+ 80. Ke2 Qa2+ 81. Kf3 1/2-1/2

[Event "Online Olym Div2 B 2020"]
[Site "chess.com INT"]
[Date "2020.08.16"]
[Round "9.1"]
[Board "2"]
[White "Halkias, Stelios"]
[Black "Kilgus, Georg"]
[Result "1-0"]
[WhiteTitle "GM"]
[BlackTitle "IM"]
[WhiteElo "2563"]
[BlackElo "2461"]
[WhiteTeam "Greece"]
[BlackTeam "Austria"]
[WhiteFideId "4201809"]
[BlackFideId "1606212"]
[EventDate "2020.08.14"]
[EventType "team"]

1. Nf3 Nf6 2. c4 e6 3. g3 d5 4. d4 Bb4+ 5. Bd2 Be7 6. Qc2 O-O 7. Bg2 c6 8. O-O
Nbd7 9. Bf4 a5 10. b3 Ne4 11. Nc3 g5 12. Bc1 f5 13. Bb2 g4 14. Ne1 Nd6 15. Nd3
dxc4 16. Nc5 Nf6 17. e4 b6 18. e5 bxc5 19. dxc5 cxb3 20. axb3 Nde4 21. exf6 Nxf6
22. Bxc6 Ra6 23. Bg2 Bxc5 24. Nd5 Be7 25. Nxe7+ Qxe7 26. Ba3 Qf7 27. Bxf8 Qxf8
28. Rfd1 Bd7 29. Qc3 a4 30. bxa4 Rxa4 31. Rxa4 Bxa4 32. Ra1 Be8 33. Qe5 Qe7 34.
h3 h5 35. Re1 Kf7 36. Rc1 Bd7 37. Rc7 Kg6 38. Rb7 Qf8 39. Qd4 Qc8 40. Rb1 Qc2
41. Re1 Qc7 42. Qe3 Qd6 43. Rb1 Qc7 44. h4 Nh7 45. Qd2 Bc8 46. Rc1 Qd7 47. Qf4
Qd8 48. Rc7 Ba6 49. Rc6 Bc8 50. Qb8 Qd1+ 51. Kh2 Bd7 52. Rd6 Qa4 53. Qg8+ Kh6
54. Qf7 Bc8 55. Rd8 Qc4 56. Rh8 1-0

[Event "Online Olym Div2 B 2020"]
[Site "chess.com INT"]
[Date "2020.08.16"]
[Round "9.1"]
[Board "3"]
[White "Novkovic, Julia"]
[Black "Tsolakidou, Stavroula"]
[Result "0-1"]
[WhiteTitle "WFM"]
[BlackTitle "IM"]
[WhiteElo "2170"]
[BlackElo "2391"]
[WhiteTeam "Austria"]
[BlackTeam "Greece"]
[WhiteFideId "12000086"]
[BlackFideId "4264312"]
[EventDate "2020.08.14"]
[EventType "team"]

1. e4 c5 2. Nc3 e6 3. Nf3 Nc6 4. d4 cxd4 5. Nxd4 Qc7 6. Be3 a6 7. Qd2 Be7 8. f3
Nf6 9. g4 b5 10. g5 Nxd4 11. Bxd4 Nh5 12. Ne2 Bb7 13. c3 e5 14. Be3 d5 15. Bg2
Rd8 16. Qc1 Bc5 17. b4 Bb6 18. O-O O-O 19. Kh1 dxe4 20. fxe4 Rd3 21. Bxb6 Qxb6
22. Qc2 Rfd8 23. Nd4 Nf4 24. Rxf4 R3xd4 25. Rf2 R4d7 26. Raf1 Qg6 27. h4 Qh5 28.
Qb3 Bxe4 29. Bxe4 Qxh4+ 30. Kg1 Qxe4 31. Rd2 Qe3+ 32. Rdf2 Qxg5+ 33. Rg2 Qe3+
34. Rgf2 Kh8 35. a4 f5 36. axb5 axb5 37. Qe6 f4 38. Qg4 Rd6 39. Kh1 Qe4+ 40. Rg2
Rh6+ 41. Kg1 Qe3+ 42. Rff2 Rg6 43. Qe2 Qxe2 44. Rxe2 f3 45. Rxg6 fxe2 0-1

[Event "Online Olym Div2 B 2020"]
[Site "chess.com INT"]
[Date "2020.08.16"]
[Round "9.1"]
[Board "4"]
[White "Markantonaki, Haritomeni"]
[Black "Hapala, Elisabeth"]
[Result "1-0"]
[WhiteTitle "WFM"]
[BlackTitle "WFM"]
[WhiteElo "2185"]
[BlackElo "2158"]
[WhiteTeam "Greece"]
[BlackTeam "Austria"]
[WhiteFideId "4207050"]
[BlackFideId "1622080"]
[EventDate "2020.08.14"]
[EventType "team"]

1. e4 c5 2. Nf3 e6 3. d4 cxd4 4. Nxd4 a6 5. Bd3 Bc5 6. Nb3 Ba7 7. Qe2 Nc6 8. Be3
d6 9. Nc3 Nge7 10. Bxa7 Rxa7 11. O-O O-O 12. f4 d5 13. e5 Nb4 14. Qf2 Ra8 15.
Nd4 Nxd3 16. cxd3 b5 17. Rac1 Bd7 18. Kh1 b4 19. Nce2 Qa5 20. Ra1 Rac8 21. Qh4
Ng6 22. Qh5 Bb5 23. Rf3 Bd7 24. Rh3 h6 25. g4 Rfe8 26. g5 hxg5 27. Qxg5 Qd8 28.
Qg4 Qa5 29. Rg3 Qd8 30. Rag1 Kf8 31. Rh3 Qa5 32. Ra1 Qd8 33. Rh5 Kg8 34. Rg5 Kf8
35. Rg1 Qa5 36. Rxg6 fxg6 37. Qxg6 Ke7 38. Qg5+ Kf8 39. Qxg7# 1-0

[Event "Online Olym Div2 B 2020"]
[Site "chess.com INT"]
[Date "2020.08.16"]
[Round "9.1"]
[Board "5"]
[White "Blohberger, Felix"]
[Black "Alexakis, Dimitris"]
[Result "1-0"]
[WhiteTitle "IM"]
[BlackTitle "FM"]
[WhiteElo "2467"]
[BlackElo "2450"]
[WhiteTeam "Austria"]
[BlackTeam "Greece"]
[WhiteFideId "1632051"]
[BlackFideId "4277023"]
[EventDate "2020.08.14"]
[EventType "team"]

1. e4 c5 2. Nf3 Nc6 3. Bb5 g6 4. O-O Bg7 5. c3 Nf6 6. Re1 O-O 7. d4 d5 8. e5 Ne4
9. Be3 cxd4 10. cxd4 Qb6 11. Bxc6 Qxc6 12. Nfd2 Nxd2 13. Qxd2 Bf5 14. Nc3 Rac8
15. Bh6 Qd7 16. f3 Rc4 17. Bxg7 Kxg7 18. b3 Rc6 19. Re3 h5 20. h3 Rfc8 21. Kh2
b5 22. a3 a5 23. b4 axb4 24. axb4 h4 25. Qe1 Rc4 26. Ne2 Qd8 27. Ra5 e6 28. Rxb5
Qg5 29. f4 Qh5 30. Rc5 R8xc5 31. bxc5 Rc2 32. Qd1 g5 33. Qf1 g4 34. hxg4 Bxg4
35. Ng1 Qf5 36. Nh3 Rc4 37. Qe1 Bxh3 38. Qxh4 Bg4 39. Rg3 Qxf4 40. Qxg4+ Qxg4
41. Rxg4+ Kf8 42. Kg3 f6 43. exf6 Kf7 44. Rf4 Rc2 45. Kf3 Rc3+ 46. Kg4 Rc1 47.
g3 Rh1 48. Rf2 Rc1 49. Kg5 Rc4 50. Rh2 Rxd4 51. Rh7+ Kf8 52. c6 Rc4 53. c7 Kg8
54. Rd7 d4 55. Kg6 1-0

[Event "Online Olym Div2 B 2020"]
[Site "chess.com INT"]
[Date "2020.08.16"]
[Round "9.1"]
[Board "6"]
[White "Tsivelekidou, Evgenia"]
[Black "Polterauer, Chiara"]
[Result "1-0"]
[BlackTitle "WFM"]
[WhiteElo "1993"]
[BlackElo "2178"]
[WhiteTeam "Greece"]
[BlackTeam "Austria"]
[WhiteFideId "4274830"]
[BlackFideId "1638165"]
[EventDate "2020.08.14"]
[EventType "team"]

1. d4 Nf6 2. c4 c5 3. d5 e6 4. Nc3 d6 5. Nf3 exd5 6. cxd5 g6 7. e4 Bg7 8. h3 O-O
9. Be2 a6 10. a4 Re8 11. Nd2 Nbd7 12. O-O Rb8 13. Qc2 Qc7 14. a5 b5 15. axb6
Nxb6 16. Nb3 Nfd7 17. Bxa6 Bxa6 18. Rxa6 c4 19. Nd2 Nc5 20. Ra1 Nd3 21. Nb5 Qc5
22. Na3 Nb4 23. Qd1 Bd4 24. Naxc4 Nd3 25. Nxb6 Bxf2+ 26. Kh2 Rxb6 27. Nf3 Qb5
28. Bh6 Bc5 29. Ng5 Rb7 30. Qf3 f5 31. exf5 Ne5 32. Qf4 Qd7 33. fxg6 hxg6 34.
Ne6 Rxb2 35. Ng5 Rb7 36. Qf8+ Rxf8 37. Rxf8# 1-0

[Event "Online Olym Div2 B 2020"]
[Site "chess.com INT"]
[Date "2020.08.16"]
[Round "9.2"]
[Board "1"]
[White "Nabaty, Tamir"]
[Black "Kulpruethanon, Thanadon"]
[Result "1-0"]
[WhiteTitle "GM"]
[BlackTitle "FM"]
[WhiteElo "2635"]
[BlackElo "2282"]
[WhiteTeam "Israel"]
[BlackTeam "Thailand"]
[WhiteFideId "2809052"]
[BlackFideId "6201610"]
[EventDate "2020.08.14"]
[EventType "team"]

1. e4 c5 2. Nf3 Nc6 3. d4 cxd4 4. Nxd4 g6 5. c4 Nf6 6. Nc3 d6 7. Be2 Nxd4 8.
Qxd4 Bg7 9. Be3 O-O 10. Qd2 a5 11. O-O a4 12. Rad1 Qa5 13. Bd4 Be6 14. f4 Rfc8
15. b3 axb3 16. axb3 Qb4 17. f5 Bd7 18. Qe3 Bc6 19. Nd5 Bxd5 20. exd5 Ra3 21.
Rd3 b5 22. fxg6 hxg6 23. Bc3 Qc5 24. Qxc5 dxc5 25. cxb5 Rxb3 26. d6 Rxc3 27.
Rxc3 exd6 28. Rcf3 Ne4 29. Rxf7 Bd4+ 30. Kh1 d5 31. b6 Rb8 32. b7 Be5 33. Re7
Bd6 34. Rd7 c4 35. Bg4 c3 36. Be6+ Kh8 37. Bxd5 Nd2 38. Rff7 1-0

[Event "Online Olym Div2 B 2020"]
[Site "chess.com INT"]
[Date "2020.08.16"]
[Round "9.2"]
[Board "2"]
[White "Khumnorkaew, Tupfah"]
[Black "Caspi, Israel"]
[Result "1/2-1/2"]
[BlackTitle "IM"]
[WhiteElo "2099"]
[BlackElo "2489"]
[WhiteTeam "Thailand"]
[BlackTeam "Israel"]
[WhiteFideId "6202071"]
[BlackFideId "2807394"]
[EventDate "2020.08.14"]
[EventType "team"]

1. e4 d5 2. exd5 Qxd5 3. Nc3 Qd6 4. d4 Nf6 5. Nf3 a6 6. Bd3 g6 7. h3 Bg7 8. O-O
O-O 9. Re1 Nc6 10. Be3 Rd8 11. a3 b5 12. Qd2 Bb7 13. Ne4 Nxe4 14. Bxe4 Rab8 15.
c3 Na5 16. Bxb7 Rxb7 17. Bf4 Qd5 18. Rad1 e6 19. Qc2 Qf5 20. Qxf5 gxf5 21. Re2
c5 22. d5 Rbd7 23. Rde1 Rxd5 24. Bc7 Nc4 25. Bxd8 Rxd8 26. Rc1 Bh6 27. Ra1 Bg7
28. Rc1 Bh6 29. Ra1 Bg7 30. Rc1 1/2-1/2

[Event "Online Olym Div2 B 2020"]
[Site "chess.com INT"]
[Date "2020.08.16"]
[Round "9.2"]
[Board "3"]
[White "Klinova, Masha"]
[Black "Atikankhotchasee, Manunthon"]
[Result "1-0"]
[WhiteTitle "IM"]
[BlackTitle "WFM"]
[WhiteElo "2275"]
[BlackElo "1622"]
[WhiteTeam "Israel"]
[BlackTeam "Thailand"]
[WhiteFideId "2802015"]
[BlackFideId "6203191"]
[EventDate "2020.08.14"]
[EventType "team"]

1. e4 c5 2. Nf3 g6 3. c3 d5 4. exd5 Qxd5 5. d4 cxd4 6. Qxd4 Qxd4 7. Nxd4 Bg7 8.
Bb5+ Bd7 9. Na3 a6 10. Be2 Nc6 11. Nac2 Nf6 12. O-O O-O 13. Bf3 Nxd4 14. Nxd4
Rab8 15. Bf4 Rbe8 16. Bxb7 e5 17. Bxe5 Rxe5 18. Bxa6 Ra8 19. Bc4 Ne4 20. Rfd1
Re7 21. Bd5 Rae8 22. Nc6 Bxc6 23. Bxc6 Rc8 24. Bb5 Ng5 25. a4 Rb8 26. Kf1 Bf6
27. h4 Ne6 28. g3 Nc7 29. c4 Bxb2 30. Rab1 Bc3 31. Rd3 Ba5 32. c5 Ne6 33. Rc1
Nc7 34. Rb1 Re5 35. c6 Rc5 36. Rdb3 Rd8 37. R1b2 Rd1+ 38. Kg2 Rd4 39. Re2 h5 40.
Re7 Kf8 41. Rd7 Re4 42. Rd8+ Kg7 43. Rb8 Ree5 44. Rb7 Bd2 45. Rxc7 1-0

[Event "Online Olym Div2 B 2020"]
[Site "chess.com INT"]
[Date "2020.08.16"]
[Round "9.2"]
[Board "4"]
[White "Taweesupmun, Chanida"]
[Black "Gutmakher, Olga"]
[Result "0-1"]
[WhiteTitle "WCM"]
[BlackTitle "WIM"]
[WhiteElo "1604"]
[BlackElo "2254"]
[WhiteTeam "Thailand"]
[BlackTeam "Israel"]
[WhiteFideId "6200117"]
[BlackFideId "2807602"]
[EventDate "2020.08.14"]
[EventType "team"]

1. d4 d5 2. Nf3 Nf6 3. c4 dxc4 4. Qa4+ c6 5. Qxc4 Bf5 6. Bf4 e6 7. e3 Nbd7 8.
Bd3 Nb6 9. Qc2 Bxd3 10. Qxd3 Be7 11. O-O O-O 12. Nc3 Nbd5 13. Be5 h6 14. Rfc1
Rc8 15. a3 c5 16. Qb5 b6 17. Nxd5 exd5 18. b3 Qd7 19. Qd3 Rfd8 20. a4 Qe6 21. a5
c4 22. bxc4 dxc4 23. Qb1 Nd5 24. axb6 axb6 25. Qb5 Nb4 26. Rab1 Rd5 27. Qa4 Ra5
28. Qd1 b5 29. Ra1 Rxa1 30. Rxa1 c3 31. Ne1 Qc4 32. Nc2 Nxc2 33. Qxc2 b4 34. Rb1
b3 35. Rxb3 Qxb3 36. Qxb3 c2 37. g3 c1=Q+ 38. Kg2 Qc4 39. Qb7 Qc6+ 40. Qxc6 Rxc6
41. d5 Ra6 42. e4 f6 43. Bf4 g5 44. Be3 g4 45. h3 h5 46. hxg4 hxg4 47. Bf4 Kf7 0-1

[Event "Online Olym Div2 B 2020"]
[Site "chess.com INT"]
[Date "2020.08.16"]
[Round "9.2"]
[Board "5"]
[White "Iliaguev, Nisim"]
[Black "Laohawirapap, Prin"]
[Result "1/2-1/2"]
[WhiteTitle "FM"]
[WhiteElo "2335"]
[BlackElo "1913"]
[WhiteTeam "Israel"]
[BlackTeam "Thailand"]
[WhiteFideId "2817276"]
[BlackFideId "6205003"]
[EventDate "2020.08.14"]
[EventType "team"]

1. d4 Nf6 2. Nf3 g6 3. c4 c5 4. g3 cxd4 5. Nxd4 Nc6 6. Bg2 Bg7 7. O-O O-O 8. Nc3
Qa5 9. e3 d6 10. h3 Bd7 11. a3 Rac8 12. Nde2 a6 13. b3 b5 14. cxb5 axb5 15. Bb2
b4 16. axb4 Qxb4 17. Nf4 Rb8 18. Ra3 Rfc8 19. Ncd5 Nxd5 20. Nxd5 Qc5 21. b4 Qb5
22. Bxg7 Kxg7 23. Qa1+ f6 24. Rd1 Be6 25. Rb3 Bxd5 26. Bxd5 Nxb4 27. Be6 Rc7 28.
Rdb1 Rcb7 29. Rxb4 Qxb4 30. Rxb4 Rxb4 31. Kg2 Rb2 32. Qa7 R8b7 33. Qa8 Rb8 34.
Qe4 Rd2 35. h4 Rbb2 36. Qf3 f5 37. Bc4 Kf6 38. Ba6 h6 39. Bb7 e5 40. e4 Rxb7 41.
exf5 Rbb2 42. fxg6+ Kxg6 43. Qe4+ Kf6 44. Qf3+ Ke7 45. Kh3 Rxf2 46. Qe3 Rf6 47.
Qa7+ Ke6 48. Qa8 Rbf2 49. Qg8+ Ke7 50. Qg7+ Ke6 51. Qg8+ Kd7 52. Qa8 Ke6 53.
Qe8+ Kf5 54. Qd7+ Ke4 55. Qa4+ Ke3 56. Qb3+ Ke2 57. Qc2+ Ke3 58. Qc3+ Ke4 59.
Qc4+ Ke3 60. Qc3+ Ke4 61. Qc4+ Ke3 62. Qc3+ 1/2-1/2

[Event "Online Olym Div2 B 2020"]
[Site "chess.com INT"]
[Date "2020.08.16"]
[Round "9.2"]
[Board "6"]
[White "Prommuang, Araya"]
[Black "Katkov, Michelle"]
[Result "0-1"]
[WhiteTitle "WCM"]
[BlackTitle "WFM"]
[WhiteElo "1400"]
[BlackElo "2144"]
[WhiteTeam "Thailand"]
[BlackTeam "Israel"]
[WhiteFideId "6204996"]
[BlackFideId "2816393"]
[EventDate "2020.08.14"]
[EventType "team"]

1. d4 Nf6 2. c4 e6 3. Nc3 Bb4 4. Bd2 O-O 5. Nf3 d6 6. e3 Bxc3 7. Bxc3 Ne4 8. Bd3
Nxc3 9. bxc3 Nc6 10. O-O Qe7 11. h3 e5 12. Qc2 h6 13. Rab1 Rb8 14. e4 b6 15.
Rfe1 Ba6 16. Qe2 Rfe8 17. a3 Rbd8 18. Bc2 Na5 19. Bd3 Qf6 20. dxe5 dxe5 21. Nd2
Qd6 22. Nb3 Nxb3 23. Rxb3 Qxd3 24. Qb2 Bxc4 25. Rb4 a5 26. Ra4 Bb5 27. Rd4 exd4
28. cxd4 Rxd4 29. f3 Bc4 30. Qc1 Red8 31. Kh2 Qd2 32. Qb1 Qf2 33. Rg1 Rd2 34.
Kh1 Be6 35. Qf1 Qg3 36. f4 Bxh3 37. Qf3 Bxg2+ 38. Rxg2 Qxf3 0-1

[Event "Online Olym Div2 B 2020"]
[Site "chess.com INT"]
[Date "2020.08.16"]
[Round "9.3"]
[Board "1"]
[White "Kantans, Toms"]
[Black "Gazik, Viktor"]
[Result "1-0"]
[WhiteTitle "GM"]
[BlackTitle "IM"]
[WhiteElo "2499"]
[BlackElo "2502"]
[WhiteTeam "Latvia"]
[BlackTeam "Slovakia"]
[WhiteFideId "11602945"]
[BlackFideId "14928752"]
[EventDate "2020.08.14"]
[EventType "team"]

1. e4 c5 2. Nf3 Nf6 3. e5 Nd5 4. Nc3 e6 5. Nxd5 exd5 6. d4 Nc6 7. dxc5 Bxc5 8.
Qxd5 Qb6 9. Bc4 Bxf2+ 10. Ke2 O-O 11. Rf1 Bc5 12. Ng5 Nd4+ 13. Kd1 Ne6 14. Ne4
d6 15. exd6 Rd8 16. Bd3 Bxd6 17. Qh5 Bc7 18. Bd2 Rd7 19. Kc1 a5 20. a4 Qd4 21.
Ra3 b6 22. Bc3 Qe3+ 23. Kb1 Bb7 24. Nf6+ gxf6 25. Qxh7+ Kf8 26. Bxf6 Ke8 27. Bb5
Qe4 28. Qh8+ Nf8 29. Rh3 Bd6 30. Rd1 Rc8 31. Qxf8+ 1-0